02257nam a2200421 i 4500003000900000005001700009008004100026040004300067041000800110082002300118092000700141099003800148100005400186245034200240250003100582264007000613300002900683336002200712337002400734338003300758500005000791504005100841546002000892650005500912651001000967700004700977700003901024700004101063700004101104700003701145856005701182905001601239942001901255999001701274952018201291952018101473952018101654EG-GICUC20260121101516.0251217s1880 uk | ||fr|||| 001 0 eng d aEG-GiCUCcEG-GiCUCdEG-GiCUCerdabeng aeng04221a341.84bSA . T04221 aLaw1 12 341.84 SA . T 2 ed - 18801 aSavigny, Friedrich Karl von,d1779-1861,eAuthor.10aPrivate International Law and the Retrospective Operation of Statutes :bA Treatise on the Conflict of Laws and the Limits of Their Operation in Respect of Place and Time /cBy Friedrich Carl Von Savigny ; Translated, With Notes, by William Guthrie. With an Appendix Containing the Treatises of Bartolus, Molinaeus, Paul Voet, and Huber. aSecond Edition , bRevised 1aEdinburgh ;bT. Clark,aLondon :bSweet & Maxwell Limited,c1880. axii, 567 pages ;c24 cm. 2rda contentatext 2rda mediaaComputer 2rda carrieraOnline Resource a1st ed. has title: Private international law. aIncludes bibliographical references and index. aText in English14aconflict of lawsxPrivate international law2qrmak1 2qrmak1 aGuthrie, William,d1835-1908.eTranslator.1 aBartolus,c1313-1357,eContributor1 aMoulinaeus,d1500-1566,eContributor1 aVoet, Paul,d1619-1667,eContributor1 aHuber, d1636-1694,eContributor40uhttps://fll.law.cu.edu.eg/fulltext/bks/B12-01563.pdf a75eHassnaa 2ddccBKe21n0 c51150d51150 00102ddc40718القانون الدولي الخاصaCUbLAW1d2025-12-17l0oLaw1 12 341.84 SA. P 2 ed - 1880 1201563 C1pB12-01563r2025-12-17 10:01:00t1w2025-12-17yBK 00102ddc40708القانون الدولي الخاصaCUbLAW1d2025-12-17l0oLaw1 12 341.84 SA. P 2 ed - 1880 1201564 C2pB12-01564r2025-12-17 10:02:00t2w2025-12-17yBK 00102ddc40708القانون الدولي الخاصaCUbLAW2d2025-12-17l0oLaw2 12 341.84 SA. P 2 ed - 1880 1201565 C3pB12-01565r2025-12-17 10:05:00t3w2025-12-17yBK